00309nam a2200121Ia 4500008004100000100003700041245003000078260003500108300000800143650001200151942000700163999001700170190216s9999||||xx |||||||||||||| ||und|| aProakis John G And Manola Kiso G 0aDigital Signal Processing bPrentice Hall Of India Pvt Ltd a968 aPhysics cBK c33991d33991